000 01235nam0a22003011 4500
001 rc\3635566
005 20260407020843.0
021 _aRU
_b74-26385
021 _aRU
_bРг4460-74
035 _a(NLR Aleph) 007725877
090 _a7002201
_c7002201
100 _a20130115d1974 |||y0rusy50 ca
101 0 _arus
102 _aRU
105 _ay z |||||
200 1 _aМетодические рекомендации по обработке результатов физиолого-гигиенических исследований
_fМ-во здрав. РСФСР. Новосиб. науч.-исслед. сан. ин-т
210 _aНовосибирск
_cБ. и.
_d1974
215 _a57 с.
_cграф.
_d22
300 _aНа обороте тит. л. сост.: К.В. Илинский, А.Я. Поляков
320 _aБиблиогр.: с. 55
702 1 _aПоляков
_bА.Я.
_4220
702 1 _aИлинский
_bК.В.
_4220
712 0 2 _aНовосибирский научно-исследовательский санитарный институт
_3RU\NLR\AUTH\8810005728
_9508872
801 0 _aRU
_bNLR
_gpsbo
801 1 _aRU
_bELAR
_2rusmarc
852 _aNLR
_j73-6/13475
942 _cBOOK
980 _aNB